La escucha en la historia oral ; Palabra dada

Spremljeno u:
Bibliografski detalji
Glavni autor: Marinas, José Miguel
Format: Knjiga
Jezik:španjolski
Izdano: Madrid Síntesis [2007]
Teme:
Oznake: Dodaj oznaku
Bez oznaka, Budi prvi tko označuje ovaj zapis!

MARC

LEADER 00000nam a22000005a 4500
003 CL-ChBUA
005 20130528174256.0
008 130528s2007 sp ||||| |||| 000 ||spa
020 |a 9788497564786 
040 |a CL-ChBUA  |c CL-ChBUA 
082 0 0 |a 401.41 
100 1 |a Marinas, José Miguel 
245 1 0 |a La escucha en la historia oral ;  |b Palabra dada 
260 |a Madrid  |b Síntesis  |c [2007] 
300 |a 223 p.  |c 22 cm. 
504 |a índice, bibl. 
650 4 |a ANALISIS DEL DISCURSO - ASPECTOS SOCIALES 
650 4 |a COMUNICACION ORAL - ASPECTOS SOCIALES 
942 |2 ddc  |c LIB 
952 |0 0  |1 0  |2 ddc  |4 0  |6 401_410000000000000_M_337  |7 0  |9 1136778  |a UNACH  |b UNACH  |c 400  |d 2013-05-28  |i 50.858  |l 13  |m 26  |o 401.41 / M 337  |p 72741  |q 2026-04-15  |r 2026-04-02 17:53:18  |s 2026-04-02  |t 1  |w 2013-05-28  |y LIB 
999 |c 2059957  |d 2059957